| 000 | 00507nam a2200193 4500 | ||
|---|---|---|---|
| 005 | 20240129135109.0 | ||
| 008 | 240124b |||||||| |||| 00| 0 eng d | ||
| 020 | _a9788131238875 | ||
| 082 |
_a617.6 _bDOW-M |
||
| 100 | _aMosby | ||
| 245 |
_aMosby's review for the NBDE-2 _c[Editor]Frank Dowd. |
||
| 250 | _a2nd ed. | ||
| 260 |
_aIndia : _bElsvier ; _c2015. |
||
| 300 |
_axii, 473 p. : _bill, _c25 cm. |
||
| 500 | _aInclude Index. | ||
| 650 | _aMedical/Dentistry | ||
| 700 | _aFrank Dowd. | ||
| 999 |
_c35113 _d35113 |
||